• 首页
  • 本馆介绍
  • 公告通知
  • 最新文献
  • 馆藏检索
  • 电子资源
  • 读者导购
  • 参考咨询
  • 我的图书馆
  • 登录
  • 详细信息显示
  • 放入我的书架
  • 预约/预借图书
  • 作者相关作品
  • 分类相关作品
  • 丛书相关作品
  • 出版社相关作品

书目信息

  • 表格格式
  • 工作单格式
  • 卡片格式
题名:
有形:几何图形在平面设计中的应用
    
 
作者: 王绍强 编著
分册:  
出版信息: 北京   人民邮电出版社  2018.04
页数: 232页
开本: 26cm
丛书名:
单 册:
中图分类: J511
科图分类:
主题词: 几何--应用--平面设计--研究
电子资源:
ISBN: 978-7-115-48005-7
000 00986nam0 2200229 450
001 3764
005 20181008142612.83
010    @a978-7-115-48005-7@dCNY99.00
100    @a20180513d2018 em y0chiy50 ea
101 0  @achi
102    @aCN@b110000
105    @aa z 001yy
200 1  @a有形:几何图形在平面设计中的应用@Ayou xing:ji he tu xing zai ping mian she ji zhong de ying yong@9you xing@e几何图形在平面设计中的应用@dGeometric forms in graphic design@f王绍强编著@zeng
210    @a北京@c人民邮电出版社@d2018.04
215    @a232页@d26cm
330    @a本书从全球范围内精选了数十位设计师的设计作品,这些作品充分诠释了几何图形在设计中的应用,这些几何图形包括点、圆形、多边形、混合图形和三维图形等,可以帮助读者了解几何图形在设计中的应用法则和演变方式。
510 1  @aShapes@egeometric forms in graphic design@zeng
606 0  @a几何@x应用@x平面设计@x研究
690    @aJ511@v5
701  0 @a王绍强@9wang shao qiang@4编著
801  0 @aCN@b91MARC@c20180513
905    @aMuseLib@dJ511@e489
    
    有形:几何图形在平面设计中的应用:几何图形在平面设计中的应用=Geometric forms in graphic design/王绍强编著.-北京:人民邮电出版社,2018.04
    232页;26cm
    
    
    ISBN 978-7-115-48005-7:CNY99.00
    本书从全球范围内精选了数十位设计师的设计作品,这些作品充分诠释了几何图形在设计中的应用,这些几何图形包括点、圆形、多边形、混合图形和三维图形等,可以帮助读者了解几何图形在设计中的应用法则和演变方式。
●
相关链接 在E读中查询图书 在五车中查询图书 在当当中查询图书 在豆瓣中查询图书


正题名:有形:几何图形在平面设计中的应用     索取号:J511/489         预约/预借

序号 登录号 条形码 馆藏地/架位号 状态 备注
1 1123612   211236125   第一样本阅览室/ [索取号:J511/489] 在馆    
2 1123613   211236134   第一借阅区/ [索取号:J511/489] 在馆    
3 1123614   211236143   第一借阅区/ [索取号:J511/489] 在馆    
4 1123615   211236152   第一借阅区/ [索取号:J511/489] 在馆    
5 1123616   211236161   第一借阅区/ [索取号:J511/489] 在馆    
唐山师范学院图书馆 欢迎您!
大连网信软件有限公司© 版权所有